[Event "Mittelrhein Verbandsliga-W 1112"]
[Site "Germany"]
[Date "2012.04.15"]
[Round "9.7"]
[White "Titz, Franz Josef"]
[Black "Hanssen, Franciscus"]
[Result "1-0"]
[WhiteElo "1800"]
[BlackElo "1821"]
[PlyCount "35"]
[EventDate "2011.09.18"]
[EventType "team-tourn"]
[EventRounds "11"]
[EventCountry "GER"]
[SourceTitle "EXT 2013"]
[Source "ChessBase"]
[SourceDate "2012.11.22"]
[SourceVersion "1"]
[SourceVersionDate "2012.11.22"]
[SourceQuality "1"]
[WhiteTeam "Lendersdorf"]
[BlackTeam "Herzogenrath"]
[WhiteTeamCountry "GER"]
[BlackTeamCountry "GER"]

1. e4 c5 2. Nf3 d6 3. d4 cxd4 4. Nxd4 Nf6 5. Nc3 a6 6. Bg5 e6 7. f4 Nc6 8. Nxc6 bxc6 9. e5 h6 10. Bh4 g5 11. fxg5 Nd5 12. Ne4 Qb6 13. Bd3 Qxb2 14. 0-0 Qxe5 15. Qf3 Qg7 16. Nf6+ Kd8 17. Nxd5 Qd4+ 18. Bf2 1-0